Derecho a la información y derechos humanos /
Contenido: Compatibilidad del derecho a la información y los derechos humanos, doctrina, legislación y jurisprudencia comparadas; El nuevo derecho de los medios electrónicos; Concentración de los medios y pluralismo; Derecho de la información e internet; Cláusula de conciencia y el secreto profesion...
Uloženo v:
| Hlavní autor: | |
|---|---|
| Další autoři: | |
| Médium: | Kniha |
| Jazyk: | španělština |
| Vydáno: |
México :
Porrúa : UNAM, Instituto de Investigaciones Jurídicas,
2003, c2003
|
| Edice: | (Doctrina Jurídica ;
37) |
| Témata: | |
| Tagy: |
Žádné tagy, Buďte první, kdo vytvoří štítek k tomuto záznamu!
|
MARC
| LEADER | 00000nam^a2200000^a^4500 | ||
|---|---|---|---|
| 001 | 000161431 | ||
| 005 | 20250521000000.0 | ||
| 009 | 20260310100758.701 | ||
| 020 | |a 970-07-4211-3 | ||
| 037 | |a Acervo ITESO - Biblioteca | ||
| 041 | |a ESP | ||
| 082 | |a 343. 720995 |b CAR | ||
| 100 | |a Carpizo, Jorge |e (coord.) | ||
| 245 | 1 | 0 | |a Derecho a la información y derechos humanos / |c Coord. de J. Carpizo, M. Carbonell. |
| 264 | 4 | |a México : |b Porrúa : |b UNAM, Instituto de Investigaciones Jurídicas, |c 2003, c2003 | |
| 300 | |a XVI, 522 p. | ||
| 336 | |a texto |b txt |2 rdacontenido | ||
| 337 | |a sin mediación |b n |2 rdamedio | ||
| 338 | |a volumen |b nc |2 rdasoporte | ||
| 440 | 1 | |a (Doctrina Jurídica ; |v 37) | |
| 520 | |a Contenido: Compatibilidad del derecho a la información y los derechos humanos, doctrina, legislación y jurisprudencia comparadas; El nuevo derecho de los medios electrónicos; Concentración de los medios y pluralismo; Derecho de la información e internet; Cláusula de conciencia y el secreto profesional de los comunicadores. | ||
| 521 | |a 2012 BO Licenciatura en Comunicación y Artes Audiovisuales | ||
| 649 | |a XX | ||
| 650 | |a Internet - |x Aspectos Jurídicos | ||
| 650 | |a Medios de Comunicación - |z México - |x Aspectos Jurídicos | ||
| 650 | |a Derecho a la Intimidad - |z México | ||
| 650 | |a Derecho a la Información - |z México | ||
| 650 | |a Derechos Humanos - |z México | ||
| 650 | |a Derecho Informático - |z México | ||
| 650 | |a Derecho Social - |z México | ||
| 650 | |a Derecho Constitucional - |z México | ||
| 650 | |a Derecho Federal - |z México | ||
| 650 | |a Derecho Comparado | ||
| 650 | |a Derecho - |z México | ||
| 700 | |a Carbonell, Miguel |e (coordinación) | ||
| 910 | |a Fondo General | ||
| 920 | |a Impresos - Libros | ||
| 930 | |a Colección General | ||
| 905 | |a 101 | ||
| 901 | |a 0500093156 |b IT1 |c ACC |u 20250521 | ||
| 902 | |a https://opac.biblio.iteso.mx/vufind/Record/000161431 | ||